Проблемы развития электронного документооборота в России; Актуальные проблемы гуманитарных наук

Bibliographische Detailangaben
Parent link:Актуальные проблемы гуманитарных наук.— 2012.— [С. 528-529]
1. Verfasser: Усова А. А.
Körperschaft: Национальный исследовательский Томский политехнический университет (ТПУ) Институт социально-гуманитарных технологий (ИСГТ) Кафедра социологии, психологии и права (СОЦ)
Zusammenfassung:Заглавие с титульного листа
Sprache:Russisch
Veröffentlicht: 2012
Schriftenreihe:Документационное обеспечение управления
Schlagworte:
Online-Zugang:http://www.lib.tpu.ru/fulltext/v/Conferences/2012/C1/213.pdf
Format: Elektronisch Buchkapitel
KOHA link:https://koha.lib.tpu.ru/cgi-bin/koha/opac-detail.pl?biblionumber=231160

MARC

LEADER 00000nla2a2200000 4500
001 231160
005 20231031202703.0
035 |a (RuTPU)RU\TPU\book\252176 
035 |a RU\TPU\book\252154 
090 |a 231160 
100 |a 20130130d2012 k y0rusy50 ca 
101 0 |a rus 
102 |a RU 
105 |a y z 101zy 
135 |a drnn ---uucaa 
181 0 |a i  
182 0 |a b 
200 1 |a Проблемы развития электронного документооборота в России  |b Электронный ресурс  |f А. А. Усова 
203 |a Текст  |c электронный 
215 |a 1 файл (250 Кб) 
225 1 |a Документационное обеспечение управления 
230 |a Электронные текстовые данные (1 файл : 250 Кб) 
300 |a Заглавие с титульного листа 
320 |a [Библиогр.: с. 529 (4 назв.)] 
337 |a Adobe Reader 
463 1 |0 (RuTPU)RU\TPU\book\240857  |t Актуальные проблемы гуманитарных наук  |o сборник научных трудов студентов, аспирантов и молодых ученых 5-6 апреля 2012 г., Томск  |f Национальный исследовательский Томский политехнический университет (ТПУ)   |v [С. 528-529]  |d 2012 
610 1 |a труды учёных ТПУ 
610 1 |a электронный ресурс 
610 1 |a документы 
610 1 |a Россия 
610 1 |a проблемы 
610 1 |a развитие 
610 1 |a электронный документооборот 
700 1 |a Усова  |b А. А. 
712 0 2 |a Национальный исследовательский Томский политехнический университет (ТПУ)  |b Институт социально-гуманитарных технологий (ИСГТ)  |b Кафедра социологии, психологии и права (СОЦ)  |h 41  |2 stltpush  |3 (RuTPU)RU\TPU\col\18373 
801 1 |a RU  |b 63413507  |c 20120830 
801 2 |a RU  |b 63413507  |c 20130207  |g RCR 
856 4 |u http://www.lib.tpu.ru/fulltext/v/Conferences/2012/C1/213.pdf 
942 |c CF